LEADER 00803nam0-22002651i-450- 001 990001289260403321 035 $a000128926 035 $aFED01000128926 035 $a(Aleph)000128926FED01 035 $a000128926 100 $a20000920d1984----km-y0itay50------ba 101 0 $aeng 200 1 $aDifferential geometry$eProceedings of the International Symposium held at Peniscola, Spain, October 3-10, 1982$fEdited by A.M. Naveira 205 $a$a 210 $aBerlin [etc.]$cSpringer-Verlag$d1984 215 $aLecture Notes in Mathematics, 1045 700 1$aNaveira,$bA.M.$058738 801 0$aIT$bUNINA$gRICA$2UNIMARC 901 $aBK 912 $a990001289260403321 952 $aC-20-(1045$b5$fMA1 959 $aMA1 996 $aDifferential geometry$9383785 997 $aUNINA DB $aING01